000 00521nam a2200169Ia 4500
999 _c19285
_d19285
003 OSt
005 20200610111704.0
008 190216s9999||||xx |||||||||||||| ||und||
040 _coclc
082 _a297
_bMAR/U
100 _aMargoliouth, D S
_92327
245 0 _aUmayyads And `Abbasids Jurji Zaydans History Of Islamic Civilization /
_cD S Margoliouth
260 _bKitab Bhavan,
_c1981.
_aNew Delhi:
300 _a325p
650 _aIslamic History
942 _cBK
_2ddc
_h297
_iMAR/U
_k297
_mMAR/U